LEADER 01278nam--2200373---450- 001 990000339550203316 005 20051129101357.0 035 $a0033955 035 $aUSA010033955 035 $a(ALEPH)000033955USA01 035 $a0033955 100 $a20010212d1999----km-y0itay0103----ba 105 $a||||||||001yy 200 1 $a...e venne la Rivoluzione$ecatalogo bibliografico$fa cura di Filomena Ugliano$gdocumenti e note d'Archivio a cura di Beatrice Sparano 210 $eCava dei Tirreni$fGrafica Metelliana$d1999 215 $a90 p.$cill.$d22 cm 300 $aIn testa al front.: Cittą di Cava dei Tirreni Biblioteca Comunale "Can.A. Avallone" 410 $12001 461 1$1001-------$12001 606 0 $aItalia meridionale$zSec. 19.-20.$xCatalogo bibliografico 676 $a945.708 702 1$aSPARANO,$bBeatrice 702 1$aUGLIANO,$bFilomena 801 0$aIT$bsalbc$gISBD 912 $a990000339550203316 951 $aXV.1.A. 1028(V G 1067)$b151074 LM$cV G$d00005437 959 $aBK 969 $aUMA 979 $aPATTY$b90$c20010212$lUSA01$h1458 979 $c20020403$lUSA01$h1642 979 $aPATRY$b90$c20040406$lUSA01$h1624 979 $aCOPAT6$b90$c20051129$lUSA01$h1013 996 $a..e venne la Rivoluzione$9877811 997 $aUNISA LEADER 01075nam--2200373---450- 001 990005927190203316 005 20140205121619.0 010 $a978-88-6604-348-5 035 $a000592719 035 $aUSA01000592719 035 $a(ALEPH)000592719USA01 035 $a000592719 100 $a20140205d2013----km-y0itay50------ba 101 $aita 102 $aIT 105 $a||||||||001yy 200 1 $aGuida al paesaggio$eprincipi normativi e criteri di progettazione$fLuigi Aloisio 210 $aMilano$cFAG$d2013 215 $a236 p.$d24 cm 225 2 $aNatural lifestyle pro 410 0$12001$aNatural lifestyle pro 454 1$12001 606 0 $aPaesaggio$xProgettazione$2BNCF 676 $a712.3 700 1$aALOISIO,$bLuigi$0614574 801 0$aIT$bsalbc$gISBD 912 $a990005927190203316 951 $aIII.1. 3679$b242123 L.M.$cIII.1.$d00352026 959 $aBK 969 $aUMA 979 $aALESSANDRA$b90$c20140205$lUSA01$h1210 979 $aALESSANDRA$b90$c20140205$lUSA01$h1216 996 $aGuida al paesaggio$91073494 997 $aUNISA